000 00661cam a2200253 4500
008 090401t1989 xxu||||| |||| 00| 0 eng d
020 _a0139503951
035 _a(Sirsi) u82291
041 _aeng
050 _a346.41046
245 _aWater supply byelaws guide.
250 _a2nd ed.
260 _aHemel Hempstead
_bEllis Horwood
_c1989
260 _aSlough
_bWRc Evaluation and Testing Centre Ltd
_c1989
300 _axiv,250p. : ill. ; 21cm.
350 _a11.95
650 _aWATER BYELAWS
650 _aWATER SUPPLY
690 _aWATER
700 _aWhite, S.F.
_xEditor
700 _aMays, G.D.
_xEditor
942 _n0
948 _c24/11/1997
999 _c96774
_d96774